|
|
|
|
| LEADER |
01058pam a22002778a 4500 |
| 001 |
00024636 |
| 005 |
20200102090108.0 |
| 008 |
110722s1995 ||||||viesd |
| 020 |
# |
# |
|c 22000
|
| 041 |
0 |
# |
|a vie
|
| 082 |
1 |
4 |
|a 320.09
|b GI108TR
|
| 100 |
1 |
# |
|a Nguyễn Ngọc Đào,
|
| 245 |
1 |
0 |
|a Giáo trình lịch sử các học thuyết chính trị
|c Nguyễn Ngọc Đào, Phạm Hồng Thái, Nguyễn Đăng Dung
|
| 260 |
# |
# |
|a H.
|b Đại học Quốc gia Hà Nội
|c 1995
|
| 300 |
# |
# |
|a 313tr.
|c 19 cm.
|
| 500 |
# |
# |
|a ĐTTS ghi: Đại học Quốc gia Hà Nội. Đại học khoa học xã hội và nhân văn.Khoa Luật
|
| 650 |
# |
4 |
|a Chính trị
|
| 650 |
# |
4 |
|a Thế giới
|
| 650 |
# |
4 |
|a Lịch sử
|
| 650 |
# |
4 |
|a Học thuyết chính trị
|
| 700 |
1 |
# |
|a Nguyễn Đăng Dung
|
| 700 |
1 |
# |
|a Phạm Hồng Thái
|
| 852 |
# |
# |
|j KD.0010147
|
| 852 |
# |
# |
|b Kho đọc
|j KD.0010147
|
| 910 |
0 |
# |
|a Ntuyet
|d 22/07/2011
|
| 980 |
# |
# |
|a Trung tâm Học liệu Lê Vũ Hùng, Trường Đại học Đồng Tháp
|